00602nam a2200193 a 4500008004100000020001500041050001600056100002100072245005500093246004500148260004000193300002000233350000900253500004100262650004700303650001500350700001900365700002400384120416s1989 ||||||||||||||||| || u a0471100781 aHD 30.4 Man aStump, Stephen A10aManagement educationcedited by Richard D.Freedman aissues in theory, research, and practice aNew YorkbJohn Wiley and Sonsc1989 aix, 278p. : ill a0.00 aIncludes bibliographies and indexes. aManagement--Study and teaching--Congresses 0aMANAGEMENT aCooper, Cary L aFreedman, Richard D